Old age in modern society : (Record no. 8888)

MARC details
000 -LEADER
fixed length control field 00912pam a2200289 a 4500
001 - CONTROL NUMBER
control field 2893588
003 - CONTROL NUMBER IDENTIFIER
control field OSt
005 - DATE AND TIME OF LATEST TRANSACTION
control field 20240626105735.0
008 - FIXED-LENGTH DATA ELEMENTS--GENERAL INFORMATION
fixed length control field 870130s1987 enk bs 001 0 eng
010 ## - LIBRARY OF CONGRESS CONTROL NUMBER
LC control number 87000647
020 ## - INTERNATIONAL STANDARD BOOK NUMBER
International Standard Book Number 0709926286 :
Terms of availability $38.95 (U.S.)
020 ## - INTERNATIONAL STANDARD BOOK NUMBER
International Standard Book Number 0709926308 (pbk.) :
Terms of availability $18.95 (U.S.)
040 ## - CATALOGING SOURCE
Original cataloging agency DLC
Transcribing agency must
Modifying agency DLC
043 ## - GEOGRAPHIC AREA CODE
Geographic area code e-uk---
050 00 - LIBRARY OF CONGRESS CALL NUMBER
Classification number HQ1064.G7
Item number V53 1987
082 00 - DEWEY DECIMAL CLASSIFICATION NUMBER
Classification number 362.6 VIC 1994
Edition number 19
100 1# - MAIN ENTRY--PERSONAL NAME
Personal name Victor, Christina R.
9 (RLIN) 17967
245 10 - TITLE STATEMENT
Title Old age in modern society :
Remainder of title a textbook of social gerontology /
Statement of responsibility, etc. Christina R. Victor.
260 ## - PUBLICATION, DISTRIBUTION, ETC. (IMPRINT)
Place of publication, distribution, etc. London ;
-- Wolfeboro, N.H. :
Name of publisher, distributor, etc. Croom Helm,
Date of publication, distribution, etc. c1987.
300 ## - PHYSICAL DESCRIPTION
Extent 338 p. ;
Dimensions 23 cm.
500 ## - GENERAL NOTE
General note Includes index.
504 ## - BIBLIOGRAPHY, ETC. NOTE
Bibliography, etc Bibliography: p. 317-335.
650 #0 - SUBJECT ADDED ENTRY--TOPICAL TERM
Topical term or geographic name as entry element Gerontology
Geographic subdivision Great Britain.
9 (RLIN) 17968
650 #0 - SUBJECT ADDED ENTRY--TOPICAL TERM
Topical term or geographic name as entry element Gerontology.
9 (RLIN) 16529
906 ## - LOCAL DATA ELEMENT F, LDF (RLIN)
a 7
b cbc
c orignew
d 1
e ocip
f 19
g y-gencatlg
942 ## - ADDED ENTRY ELEMENTS (KOHA)
Source of classification or shelving scheme Dewey Decimal Classification
Koha item type Open Shelf
Holdings
Withdrawn status Lost status Source of classification or shelving scheme Damaged status Not for loan Home library Current library Date acquired Source of acquisition Inventory number Total Checkouts Full call number Barcode Date last seen Price effective from Koha item type
    Other/Generic Classification Scheme     MUST Main Library MUST Main Library 26/06/2024 donation 2000/14216   362.6 VIC 1994 2024-21379 26/06/2024 26/06/2024 Open Shelf